| 000 | 00551nam a22001577a 4500 | ||
|---|---|---|---|
| 999 |
_c535559 _d535559 |
||
| 020 | _qHard Cover. | ||
| 082 | _a307.1 | ||
| 100 | _aShah, Nadir Ali | ||
| 245 |
_aThe effects of commercialization policy on urban form and parking facility (a case study of Rawalpindi) / _cNadir Ali Shah. |
||
| 260 |
_aIslamabad: _bSCEE NUST, _c2016. |
||
| 300 |
_a220 p. : _bill. ; _c30cm. |
||
| 942 |
_2ddc _cTHE |
||
| 650 |
_aUrban and Regional Planning MS-Thesis. _916266 |
||
| 700 |
_aDr. Abdul Waheed _916525 |
||